000 00671nam a22001817a 4500
999 _c80984
_d80984
008 201130b ||||| |||| 00| 0 eng d
040 _bger
_cDE-2950
_erda
_aDE-2950
041 _ager
245 _aErleichterungen im kleinen Grenzverkehr.
_bVerordnung: Vollständig Geimpfte müssen bei der Einreise nicht mehr in Quarantäne.
653 _aFrankfurt (Oder)
653 _aPandemie / Corona
653 _aEinreisebestimmungen
773 _dFrankfurt (Oder): Märkisches Verlags- und Druckhaus GmbH & Co KG
_g32. Jahrgang (2021) Nr. 98 vom 28.04.2021, S. 1
_tMärkische Oderzeitung
942 _cA